| 000 | 00445nam a2200145 a 4500 | ||
|---|---|---|---|
| 001 | 000032822 | ||
| 005 | 20200930065844.0 | ||
| 008 | 110726s1938 dr ac 000 0 spa d | ||
| 040 |
_aDO-SdBNP _bspa _cBNPHU |
||
| 082 |
_axxxx _bI35 |
||
| 245 | 0 | 0 | _aInauguración del hospital militar profesor Marion. |
| 260 |
_aCiudad Trujillo, República Dominicana : _bImprenta la Opinión, _c1938. |
||
| 300 |
_a86 p. : _bil., retrs. ; _c22 cm. |
||
| 049 | _aBNPD | ||
| 999 |
_c32313 _d32313 |
||